| 000 | 01732nam a2200457 i 4500 | ||
|---|---|---|---|
| 001 | 28647 | ||
| 003 | KOSZ 005 | ||
| 005 | 20200528124338.0 | ||
| 008 | 971113s1988 pl a f |000 0 pol | ||
| 015 | _aUWD 1988/7693 | ||
| 020 | _a8321400213 | ||
| 035 | _a991003211259705066 | ||
| 035 | _a(PL-WaBN)b10863874-48omnis_nlop | ||
| 035 | _ab10863874 | ||
| 035 | _a(OCoLC)749400426 | ||
| 035 | _a(PL)b0000001086387 | ||
| 035 | _a(EXLNZ-48OMNIS_NETWORK)9910402354605606 | ||
| 040 |
_aWA N _cWA N _dKOSZ 005/EG |
||
| 080 | _a6 | ||
| 245 | 1 | 0 |
_aEncyklopedia odkryć i wynalazków : _bchemia, fizyka, medycyna, rolnictwo, technika / _c[kom. red. Bolesław Orłowski, Zbigniew Płochocki, Zbigniew Przyrowski ; noty encyklopedyczne napisali Krzysztof Błaszkowski et al.]. |
| 250 | _a[Wyd. 2]. | ||
| 260 |
_aWarszawa : _b"Wiedza Powszechna", _c1988. |
||
| 300 |
_a479, [1] s. : _bfot., rys., wykr. ; _c25 cm. |
||
| 336 |
_aTekst _btxt _2rdacontent |
||
| 337 |
_aBez urządzenia pośredniczącego _bn _2rdamedia |
||
| 338 |
_aWolumin _bnc _2rdacarrier |
||
| 380 | _aKsiążki | ||
| 388 | _a1901-2000 | ||
| 650 | 7 |
_aNauki przyrodnicze _2DBN |
|
| 650 | 7 |
_aTechnika _2DBN |
|
| 655 | 7 |
_aEncyklopedia _2DBN |
|
| 658 | _aChemia | ||
| 700 | 1 |
_aBłaszkowski, Krzysztof _d(1935-1995) _eAutor |
|
| 700 | 1 |
_aOrłowski, Bolesław _d(1934- ) _eRedakcja |
|
| 700 | 1 |
_aPłochocki, Zbigniew _eRedakcja |
|
| 700 | 1 |
_aPrzyrowski, Zbigniew _d(1921-2008) _eRedakcja |
|
| 710 | 2 |
_aPaństwowe Wydawnictwo Wiedza Powszechna _4pbl |
|
| 856 |
_uhttp://koha.tu.koszalin.pl/cgi-bin/koha/opac-detail.pl?biblionumber=28647 _yKatalog online BPK |
||
| 942 |
_2UKD _cKS |
||
| 999 |
_c28647 _d28647 |
||